| 000 | 00436nam a22001697a 4500 | ||
|---|---|---|---|
| 999 |
_c524828 _d524828 |
||
| 003 | NUST | ||
| 038 | _awaseem | ||
| 082 |
_a891.423 _bSHO |
||
| 100 |
_aShok, Ghulam Rasool _915619 |
||
| 245 |
_aChalantaran / _cGhulam Rasool Shok |
||
| 260 |
_aFaisalabad : _bAl-Mahas, _c1979. |
||
| 300 | _a128 p. ; | ||
| 500 | _aHardcover. | ||
| 880 |
_6100-01\r _aغلام رسول شوق |
||
| 880 |
_6245-02\r _aچھلتراں / |
||
| 942 |
_2ddc _cBK |
||